000 00442nam a22001697a 4500
003 NUST - PNEC
005 20170116181057.0
008 151001b xxu||||| |||| 00| 0 eng d
020 _a0304312568
040 _cLIBRARY
082 _a670.42 SHO
100 _912141
_aShotbolt, C. R.
245 _aTechnician manufacturing technologyVol-2
_cC. R. Shotbolt
260 _c1980
650 _96232
_aMachine-shop practice
_xME
942 _2ddc
_cBK
999 _c68613
_d68613